Des innovations introduites dans la législation de la lettre de change, billets à ordre et chèques par le nouveau Code de Commerce d'Espagne / (Record no. 160969)

MARC details
000 -LEADER
campo de control de longitud fija 00881nam a22001935i 4500
001 - NÚMERO DE CONTROL
campo de control 160969
003 - IDENTIFICADOR DE NÚMERO DE CONTROL
campo de control ES-MaACL
005 - FECHA Y HORA DE LA ÚLTIMA TRANSACCIÓN
campo de control 20230906212151.0
008 - DATOS DE LONGITUD FIJA--INFORMACIÓN GENERAL
campo de control de longitud fija 990526s1885 be |||| | fre d
040 ## - FUENTE DE CATALOGACIÓN
Centro catalogador/agencia de origen CCPB | B
Lengua de catalogación spa
Centro/agencia transcriptor CCPB | B
100 1# - ENTRADA PRINCIPAL--NOMBRE DE PERSONA
Nombre de persona Oliver y Esteller, Bienvenido.
9 (RLIN) 130627
245 14 - MENCIÓN DEL TÍTULO
Título Des innovations introduites dans la législation de la lettre de change, billets à ordre et chèques par le nouveau Code de Commerce d'Espagne /
Mención de responsabilidad, etc. par Bienv. Oliver Esteller.
260 ## - PUBLICACIÓN, DISTRIBUCIÓN, ETC.
Lugar de publicación, distribución, etc. Anvers :
Nombre del editor, distribuidor, etc. [s.n.,
Fecha de publicación, distribución, etc. 1885?] (
Fabricante Ratinckx frères)
300 ## - DESCRIPCIÓN FÍSICA
Extensión 14 p. ;
Dimensiones 22 cm.
500 ## - NOTA GENERAL
Nota general Precede al tít.: Cingrès International de Droit Commercial d'Anvers.
596 ## - NOTA AL PIE DE IMPRENTA
NOTA AL PIE DE IMPRENTA Texto fechado en 1885.
711 21 - ENTRADA AGREGADA--NOMBRE DE REUNIÓN
Nombre de congreso/reunión o jurisdicción como elemento de entrada Congrès International de Droit Commercial d'Anvers.
9 (RLIN) 135110
852 ## - LOCALIZACIÓN
Ubicación ES-MaACL
Número de control de estantería T-424-F-10
Nota libre -- Enc. hol.
condición física -- Falto de la cub. original
Nota libre -- Enc. en un vol. facticio
Holdings
Estatus retirado Estado de pérdida Estado de daño No para préstamo Colección Biblioteca de origen Biblioteca actual Ubicación en estantería Fecha de adquisición Total de préstamos Signatura topográfica completa Código de barras Visto por última vez Precio de reemplazo Tipo de ítem Koha
        Colección de folletos Biblioteca del Ateneo de Madrid Biblioteca del Ateneo de Madrid Depósito folletos 17/01/2008   T-424-F-10 1168580 23/02/2023 23/02/2023 Folleto